000 00813nam a2200253 a 4500
001 BRCA_4053
005 20190320204528.0
008 150210s1947----mx-#######---#000-0#spa-#
041 _aspa
044 _amx
050 4 _aF1356
_b.C47 1947
100 1 _aCervantes, Enrique A.
_9383
245 1 0 _aDocumentos relativos a la Villa de los Cinco Señores, Capital del Nuevo Santader, Hoy Jiménez, Tamaulipas
_cEnrique A. Cervantes.
260 _aMéxico
_bE. A. Cervantes
_c1947
300 _a184 p.
_bil. planos : retratos
_c28 cm
500 _aEjemplar numerado 144 de 300
500 _aC129
651 4 _aMéxico
_xHistoria
_9614
651 4 _aTamaulipas
_xHistoria
_98190
651 4 _aNuevo Santander
_xHistoria
_910512
651 4 _aJiménez, Tamaulipas
_xHistoria
_910513
902 _aGFM
942 _2lcc
_cB
999 _c3777
_d3777